[Event "BL2 West 0910 (Women)"]
[Site "Germany"]
[Date "2010.03.13"]
[Round "6.2"]
[White "Freter, Anke"]
[Black "Opaska, Ines"]
[Result "1-0"]
[WhiteElo "1951"]
[BlackElo "1838"]
[PlyCount "69"]
[EventDate "2009.11.07"]
[EventType "team-tourn"]
[EventRounds "7"]
[EventCountry "GER"]
[SourceTitle "CBM 133 Extra"]
[Source "ChessBase"]
[SourceDate "2010.01.05"]
[SourceVersion "1"]
[SourceVersionDate "2010.01.05"]
[SourceQuality "1"]
[WhiteTeam "Kaltenkirchen (W)"]
[BlackTeam "Braunschweig (W)"]
[WhiteTeamCountry "GER"]
[BlackTeamCountry "GER"]

1. e4 d5 2. Nc3 dxe4 3. Nxe4 Bf5 4. Ng3 Bg6 5. f4 e6 6. Nf3 Bd6 7. d4 Ne7 8. Bd3 Nbc6 9. Ne4 Nb4 10. Nxd6+ Qxd6 11. Bxg6 hxg6 12. c3 Nbd5 13. Ne5 Nf5 14. Qd3 Qe7 15. g3 0-0-0 16. Bd2 c5 17. 0-0-0 Nb6 18. g4 Nh6 19. Qb5 Rd5 20. dxc5 Rxc5 21. Qe2 Na4 22. Be3 Nxc3 23. bxc3 Rxc3+ 24. Kb1 Qb4+ 25. Ka1 Kb8 26. Rb1 Qa3 27. Qb5 Rc7 28. Bc1 Qc3+ 29. Bb2 Qh3 30. Nd7+ Kc8 31. Rhc1 Qf3 32. Rxc7+ Kxc7 33. Be5+ Kd8 34. Nc5 Qc6 35. Nxb7+ 1-0

[Event "BL2 Ost 0708 (Women)"]
[Site "Germany"]
[Date "2008.03.16"]
[Round "7.5"]
[White "Opaska, Ines"]
[Black "Goehler, Antje"]
[Result "1/2-1/2"]
[WhiteElo "1819"]
[BlackElo "2135"]
[PlyCount "95"]
[EventDate "2007.11.10"]
[EventType "team-tourn"]
[EventRounds "7"]
[EventCountry "GER"]
[SourceTitle "EXT 2009"]
[Source "ChessBase"]
[SourceDate "2008.11.26"]
[SourceVersion "1"]
[SourceVersionDate "2008.11.26"]
[SourceQuality "1"]
[WhiteTeam "Braunschweig (W)"]
[BlackTeam "Pankow (W)"]
[WhiteTeamCountry "GER"]
[BlackTeamCountry "GER"]

1. f4 d5 2. g3 e6 3. Bg2 c5 4. Nf3 Nc6 5. d3 Nf6 6. 0-0 Be7 7. Qe1 b6 8. c3 Bb7 9. Na3 0-0 10. Nc2 Qc7 11. Bd2 Rad8 12. Rc1 Rfe8 13. b4 a6 14. a4 b5 15. axb5 axb5 16. e3 c4 17. d4 Ra8 18. Ra1 Ne4 19. Na3 Qb6 20. g4 Ra4 21. g5 Rea8 22. Qc1 Qa6 23. Nc2 Ra2 24. Qb1 Qa4 25. Rc1 Qb3 26. Be1 Rb2 27. Rxa8+ Bxa8 28. Qa1 Ra2 29. Qb1 Qxb1 30. Rxb1 Rxc2 31. Ra1 Bb7 32. Ra3 Rc1 33. Kf1 g6 34. Ke2 Rb1 35. Nd2 Nxd2 36. Bxd2 Rb2 37. Kd1 Rb1+ 38. Ke2 Kg7 39. Ra2 Rb3 40. Bf3 Bxb4 41. cxb4 c3 42. Bc1 Nxb4 43. Ra1 Ba6 44. Kd1 c2+ 45. Kd2 Rd3+ 46. Ke1 Rb3 47. Kd2 Rd3+ 48. Ke1 1/2-1/2

[Event "Niedersachsen-ch U18"]
[Site "Rotenburg/Wuemme"]
[Date "2007.04.02"]
[Round "3"]
[White "Juenemann, Marcel"]
[Black "Opaska, Ines"]
[Result "1/2-1/2"]
[WhiteElo "1920"]
[BlackElo "1760"]
[PlyCount "62"]
[EventDate "2007.03.31"]
[EventType "swiss"]
[EventRounds "9"]
[EventCountry "GER"]
[SourceTitle "EXT 2008"]
[Source "ChessBase"]
[SourceDate "2007.11.25"]
[SourceVersion "1"]
[SourceVersionDate "2007.11.25"]
[SourceQuality "1"]

1. e4 d5 2. exd5 Qxd5 3. Nc3 Qd6 4. d4 a6 5. Bd3 Nf6 6. Nge2 b5 7. Bf4 Qb6 8. Qd2 Bb7 9. f3 Nbd7 10. 0-0-0 e6 11. Rhe1 c5 12. dxc5 Bxc5 13. Ng3 0-0 14. Nge4 Rfd8 15. g4 Nd5 16. Nxd5 Bxd5 17. Qg2 b4 18. Qh3 Nf8 19. Bg5 f6 20. Bxf6 gxf6 21. Nxf6+ Kg7 22. g5 Be3+ 23. Kb1 Bxa2+ 24. Kxa2 b3+ 25. cxb3 Rxd3 26. Qh6+ Kh8 27. b4 Rxd1 28. Rxd1 Qxb4 29. Rd7 Qc4+ 30. Ka1 Qc1+ 31. Ka2 Qc4+ 1/2-1/2

[Event "GER-chT Federal Cup (Women)"]
[Site "Germany"]
[Date "2007.??.??"]
[Round "3"]
[White "Meinke, Dietlind"]
[Black "Opaska, Ines"]
[Result "1/2-1/2"]
[WhiteElo "1890"]
[BlackElo "1760"]
[PlyCount "140"]
[EventDate "2007.06.??"]
[EventType "team-swiss"]
[EventRounds "5"]
[EventCountry "GER"]
[SourceTitle "EXT 2008"]
[Source "ChessBase"]
[SourceDate "2007.11.25"]
[SourceVersion "1"]
[SourceVersionDate "2007.11.25"]
[SourceQuality "1"]
[WhiteTeam "Schleswig Holstein"]
[BlackTeam "Niedersachsen"]
[WhiteTeamCountry "GER"]
[BlackTeamCountry "GER"]

1. e4 d5 2. exd5 Qxd5 3. Nc3 Qd6 4. Nf3 Nf6 5. Bc4 a6 6. a4 Bg4 7. h3 Bh5 8. Qe2 Nc6 9. g4 Bg6 10. d3 0-0-0 11. Bg5 h5 12. Rg1 hxg4 13. hxg4 Nxg4 14. Rxg4 Rh1+ 15. Rg1 Nd4 16. Rxh1 Nxe2 17. Kxe2 f6 18. Bd2 Bf5 19. Rh4 e5 20. Rah1 g5 21. Rh8 Bg4 22. Ne4 Qc6 23. Bb3 Be7 24. Rxd8+ Kxd8 25. Rh8+ Kd7 26. Bf7 Qxc2 27. Be8+ Ke6 28. Bh5 Bf5 29. Ne1 Qxa4 30. f3 Qb5 31. Bc3 c5 32. Nc2 c4 33. d4 Qd7 34. Bg4 Bxg4 35. fxg4 Kf7 36. Nf2 Kg7 37. Rh2 exd4 38. Nxd4 Kg8 39. Rh3 Bc5 40. Ke3 Qd6 41. Rf3 b5 42. Ne4 Qe7 43. Rxf6 b4 44. Rg6+ Kh7 45. Rxg5 bxc3 46. bxc3 Bxd4+ 47. Kxd4 Kh6 48. Rh5+ Kg6 49. Rd5 Kh7 50. g5 a5 51. Rxa5 Qd8+ 52. Rd5 Qb6+ 53. Kxc4 Qa6+ 54. Kd4 Qa4+ 55. c4 Qa1+ 56. Kc5 Qa5+ 57. Kd6 Qa6+ 58. Kc5 Qa5+ 59. Kd4 Qa1+ 60. Kd3 Qb1+ 61. Kd4 Qa1+ 62. Nc3 Qg1+ 63. Kd3 Qf1+ 64. Kd4 Qg1+ 65. Ke4 Qe1+ 66. Kd3 Qf1+ 67. Kc2 Qxc4 68. Kb2 Kg6 69. Rb5 Qxb5+ 70. Nxb5 Kxg5 1/2-1/2

[Event "GER-chT Federal Cup (Women)"]
[Site "Germany"]
[Date "2007.??.??"]
[Round "2"]
[White "Opaska, Ines"]
[Black "Pralle, Katharina"]
[Result "1-0"]
[WhiteElo "1760"]
[BlackElo "1750"]
[PlyCount "103"]
[EventDate "2007.06.??"]
[EventType "team-swiss"]
[EventRounds "5"]
[EventCountry "GER"]
[SourceTitle "EXT 2008"]
[Source "ChessBase"]
[SourceDate "2007.11.25"]
[SourceVersion "1"]
[SourceVersionDate "2007.11.25"]
[SourceQuality "1"]
[WhiteTeam "Niedersachsen"]
[BlackTeam "Hessen"]
[WhiteTeamCountry "GER"]
[BlackTeamCountry "GER"]

1. f4 d5 2. Nf3 Nf6 3. g3 e6 4. Bg2 c5 5. d3 Qc7 6. 0-0 Nc6 7. c3 Be7 8. Qc2 b6 9. e4 dxe4 10. dxe4 Bb7 11. f5 exf5 12. Bf4 Bd6 13. Bxd6 Qxd6 14. e5 Nxe5 15. Nxe5 Bxg2 16. Qxg2 0-0 17. Nc4 Qe6 18. Nbd2 Rfe8 19. Qf2 g6 20. Rae1 Ne4 21. Qf4 Rad8 22. g4 Qd5 23. gxf5 Nxd2 24. Nxd2 Rxe1 25. Rxe1 Qxf5 26. Qxf5 gxf5 27. Re2 Kg7 28. Kf2 Rd3 29. Nf3 Rd1 30. Rd2 Ra1 31. a3 Kf6 32. Ke3 Rb1 33. Rf2 b5 34. Kd2 Rxb2+ 35. Ke3 Rb3 36. Kd3 Rxa3 37. Nh4 Kg5 38. Nxf5 b4 39. Nd6 Rxc3+ 40. Kd2 Kg6 41. Rg2+ Kh5 42. Ne4 Ra3 43. Rg5+ Kh4 44. Rxc5 Ra2+ 45. Ke3 Rxh2 46. Nf6 Rg2 47. Rh5+ Kg3 48. Ne4+ Kg4 49. Rg5+ Kh3 50. Nf2+ Kh2 51. Rh5+ Kg3 52. Rh3# 1-0

[Event "GER-chT Federal Cup (Women)"]
[Site "Braunfels"]
[Date "2006.05.07"]
[Round "5"]
[White "Kierzek, Mira"]
[Black "Opaska, Ines"]
[Result "1-0"]
[WhiteElo "2073"]
[BlackElo "1777"]
[PlyCount "112"]
[EventDate "2006.05.04"]
[EventType "team-swiss"]
[EventRounds "5"]
[EventCountry "GER"]
[SourceTitle "EXT 2010"]
[Source "ChessBase"]
[SourceDate "2010.11.25"]
[SourceVersion "1"]
[SourceVersionDate "2010.11.25"]
[SourceQuality "1"]

1. d4 f5 2. g4 fxg4 3. e4 d5 4. e5 Bf5 5. Bg2 c6 6. Ne2 e6 7. Ng3 g6 8. Nd2 Qb6 9. Ndf1 Nd7 10. Ne3 h5 11. Ne2 Ne7 12. a4 Bh6 13. a5 Qc7 14. b4 g5 15. Nxf5 Nxf5 16. Ng3 Nh4 17. 0-0 Nxg2 18. Kxg2 h4 19. Nh5 0-0-0 20. Qxg4 Rde8 21. Ra3 Bf8 22. c3 Nxe5 23. dxe5 Qxe5 24. Be3 Bd6 25. Rh1 h3+ 26. Kf1 d4 27. Bxd4 Qd5 28. f3 Ref8 29. Ke2 Qc4+ 30. Ke1 Qd3 31. Qxe6+ Kc7 32. Nf6 Qb1+ 33. Kf2 Qb2+ 34. Ke1 Qc1+ 35. Kf2 Qxh1 36. Qd7+ Kb8 37. Qxd6+ Ka8 38. a6 Qg2+ 39. Ke1 Qh1+ 40. Ke2 Qg2+ 41. Bf2 Re8+ 42. Ne4 Rxe4+ 43. fxe4 Qxe4+ 44. Be3 bxa6 45. Ra5 Re8 46. Qd4 Qc2+ 47. Qd2 Qg6 48. Kd1 g4 49. Rxa6 Qb1+ 50. Ke2 Qh7 51. Qd3 Qc7 52. Kd1 Qxh2 53. Rxa7+ Kb8 54. Rb7+ Kxb7 55. Qd7+ Qc7 56. Qxe8 h2 1-0

[Event "Niedersachsen-ch U16"]
[Site "Rotenburg/Wuemme"]
[Date "2005.03.20"]
[Round "3"]
[White "Opaska, Ines"]
[Black "Guennigmann, Laura"]
[Result "1-0"]
[WhiteElo "1601"]
[BlackElo "1487"]
[PlyCount "51"]
[EventDate "2005.03.19"]
[EventType "swiss"]
[EventRounds "9"]
[EventCountry "GER"]
[SourceTitle "EXT 2007"]
[Source "ChessBase"]
[SourceDate "2006.11.23"]
[SourceVersion "1"]
[SourceVersionDate "2006.11.23"]
[SourceQuality "1"]

1. f4 c5 2. Nf3 Nc6 3. e3 d6 4. Bb5 Qc7 5. b3 e6 6. Bb2 Nf6 7. 0-0 Be7 8. d3 a6 9. Bxc6+ Qxc6 10. Qe1 b6 11. Nbd2 Bb7 12. e4 Rg8 13. Qe2 0-0-0 14. a4 h6 15. c4 Nh7 16. d4 Qc7 17. a5 Rde8 18. axb6 Qxb6 19. dxc5 dxc5 20. Bc3 f5 21. Rfd1 Nf6 22. Ba5 Qa7 23. exf5 exf5 24. Qe6+ Kb8 25. Bb6 Qa8 26. Qe5+ 1-0

[Event "GER-ch U16 Girls"]
[Site "Willingen"]
[Date "2004.05.30"]
[Round "2"]
[White "Opaska, Ines"]
[Black "Winkelmann, Elena"]
[Result "0-1"]
[WhiteElo "1692"]
[BlackElo "1920"]
[PlyCount "82"]
[EventDate "2004.06.??"]
[EventType "swiss"]
[EventRounds "9"]
[EventCountry "GER"]
[SourceTitle "EXT 2005"]
[Source "ChessBase"]
[SourceDate "2004.11.15"]
[SourceVersion "1"]
[SourceVersionDate "2004.11.15"]
[SourceQuality "1"]

1. f4 d5 2. Nf3 c5 3. e3 Nf6 4. b3 Nc6 5. Bb5 Bd7 6. Bb2 a6 7. Bxc6 Bxc6 8. Ne5 Qc7 9. d3 e6 10. Nd2 h5 11. Nxc6 Qxc6 12. Nf3 Rd8 13. Ne5 Qb6 14. Qf3 Qa5+ 15. c3 Be7 16. 0-0 Qc7 17. Qg3 Rg8 18. Nf3 b5 19. Rfc1 Qa5 20. c4 dxc4 21. dxc4 Ne4 22. Qe1 b4 23. Qe2 f6 24. Rd1 Kf7 25. Rxd8 Rxd8 26. Rd1 Rc8 27. Nd2 Nxd2 28. Qxh5+ Kg8 29. Rxd2 Qc7 30. Qd1 Qc6 31. Rd7 Kf8 32. g4 Qe4 33. Rd3 Kf7 34. Kf2 Rh8 35. Kg3 Qh7 36. Rd2 Qh3+ 37. Kf2 Qxh2+ 38. Kf1 Qh1+ 39. Ke2 Rh2+ 40. Kd3 Qxd1 41. Rxd1 Rxb2 0-1

[Event "Niedersachsen-ch U16"]
[Site "Borkum"]
[Date "2004.04.06"]
[Round "6"]
[White "Henseler, Jasmin"]
[Black "Opaska, Ines"]
[Result "0-1"]
[WhiteElo "1248"]
[BlackElo "1471"]
[PlyCount "42"]
[EventDate "2004.04.??"]
[EventType "swiss"]
[EventRounds "9"]
[EventCountry "GER"]
[SourceTitle "EXT 2005"]
[Source "ChessBase"]
[SourceDate "2004.11.15"]
[SourceVersion "1"]
[SourceVersionDate "2004.11.15"]
[SourceQuality "1"]

1. e4 d5 2. exd5 Qxd5 3. Nc3 Qa5 4. d4 c6 5. Bd2 Bf5 6. Nf3 Nd7 7. Bc4 e6 8. 0-0 Ngf6 9. Re1 Be7 10. Ne5 Nxe5 11. Rxe5 Qb6 12. Na4 Qxd4 13. Rxf5 exf5 14. Bb3 Rd8 15. c3 Qxd2 16. Qxd2 Rxd2 17. Re1 Kd8 18. c4 b5 19. cxb5 cxb5 20. Nc3 Bc5 21. Rf1 Ne4 0-1